| 000 | 00796cam a22002893a 4500 | ||
|---|---|---|---|
| 001 | 31635 | ||
| 003 | PGUSA | ||
| 005 | 20140828083702.0 | ||
| 008 | 100314s2010||||xxu|||||s|||||000 1 eng d | ||
| 040 |
_aPGUSA _beng |
||
| 042 | _adc | ||
| 050 | 4 | _aPR | |
| 100 | 1 |
_aTracy, Louis, _d1863-1928 |
|
| 245 | 1 | 4 |
_aThe Silent Barrier _h[electronic resource] / _cLouis Tracy |
| 260 |
_bProject Gutenberg, _c2010 |
||
| 506 | _aPublic domain in the USA. | ||
| 516 | _aElectronic text | ||
| 653 | _aMystery fiction | ||
| 653 | _aSwitzerland -- Fiction | ||
| 653 | _aVoyages and travels -- Fiction | ||
| 653 | _aAdventure stories | ||
| 700 | 1 | _aMcFall, J. V. | |
| 700 | 1 | _aParsons, A. W. | |
| 830 | 0 |
_aProject Gutenberg _v31635 |
|
| 856 | 4 | 0 | _uhttp://www.gutenberg.org/ebooks/31635 |
| 942 | _cEB | ||
| 999 |
_c260890 _d260890 |
||